| 000 | 00562nam a2200193Ia 4500 | ||
|---|---|---|---|
| 003 | GCL | ||
| 008 | 140319s9999 xx 000 0 ara d | ||
| 040 |
_aGCL / _cGCL |
||
| 082 | 0 | 4 |
_aد _b050 |
| 100 | 1 | _aامام عبدالفتاح | |
| 245 | 1 | 0 |
_aالوجودية (عالم المعرفة 58) / _cامام عبدالفتاح |
| 700 | 1 | _aماكورى, جون | |
| 300 | _a427 ص | ||
| 490 |
_aعالم المعرفة _v0 |
||
| 650 | 0 | 4 | _aالوجودية |
| 650 | 0 | 4 | _aما وراء الطبيعة, علم |
| 650 | 0 | 4 | _aالماهيوية |
| 942 |
_2ddc _cBK |
||
| 999 |
_c50428 _d50428 |
||